¿Paz o coexistencia pacífica? / (Record no. 23429)

MARC details
000 -LEADER
campo de control de longitud fija 00599nam a2200181 i 4500
001 - NÚMERO DE CONTROL
campo de control 23429
003 - IDENTIFICADOR DE NÚMERO DE CONTROL
campo de control ES-MaACL
007 - CAMPO FIJO DE DESCRIPCIÓN FÍSICA--INFORMACIÓN GENERAL
campo de control de longitud fija t|
008 - DATOS DE LONGITUD FIJA--INFORMACIÓN GENERAL
campo de control de longitud fija 021210s1967 sp ||||1| spa d
100 1# - ENTRADA PRINCIPAL--NOMBRE DE PERSONA
Nombre de persona Allen, Richard V.
9 (RLIN) 20001
245 11 - MENCIÓN DEL TÍTULO
Título ¿Paz o coexistencia pacífica? /
Mención de responsabilidad, etc. Richard V. Allen ; prólogo de Bertram D. Wolfe ; [traducción de Vicente Batlles Campos].
250 ## - MENCION DE EDICION
Mención de edición [1ª ed.].
260 ## - PUBLICACIÓN, DISTRIBUCIÓN, ETC.
Lugar de publicación, distribución, etc. Madrid :
Nombre del editor, distribuidor, etc. Editora Nacional,
Fecha de publicación, distribución, etc. 1967.
300 ## - DESCRIPCIÓN FÍSICA
Extensión XXIV, 143 p. ;
Dimensiones 24 cm.
700 1# - ENTRADA AGREGADA--NOMBRE PERSONAL
Nombre de persona Batlles Campos, Vicente.
9 (RLIN) 26454
700 1# - ENTRADA AGREGADA--NOMBRE PERSONAL
Nombre de persona Wolfe, Bertram D.
9 (RLIN) 117244
852 ## - LOCALIZACIÓN
Ubicación ES-MaACL
Número de control de estantería G-4519
Sublocalización o colección R.65507
Holdings
Estatus retirado Estado de pérdida Estado de daño No para préstamo Biblioteca de origen Biblioteca actual Ubicación en estantería Fecha de adquisición Fuente de adquisición Total de préstamos Signatura topográfica completa Código de barras Visto por última vez Precio de reemplazo Tipo de ítem Koha
        Biblioteca del Ateneo de Madrid Biblioteca del Ateneo de Madrid Depósito 2 17/01/2008     G-4519 1024140 23/02/2023 23/02/2023 Libro impreso